A vision of India : (Record no. 61130)
[ view plain ]
| 000 -LEADER | |
|---|---|
| fixed length control field | 02419nam a22003377a 4500 |
| 005 - DATE AND TIME OF LATEST TRANSACTION | |
| control field | 20120118171222.0 |
| 010 ## - LCCN (DPL NO) | |
| LC control number | B-480481-488 |
| 020 ## - INTERNATIONAL STANDARD BOOK NUMBER | |
| International Standard Book Number | 9788124303566 |
| Terms of availability | 100.00 |
| 035 ## - SYSTEM CONTROL NUMBER | |
| System control number | B-480481-488 |
| 037 ## - SOURCE OF ACQUISITION | |
| Stock number | dpl |
| Source of stock number/acquisition | Blue Berry/Ven |
| 082 00 - DEWEY DECIMAL CLASSIFICATION NUMBER | |
| Classification number | 954 |
| Edition number | 21 |
| 100 1# - MAIN ENTRY--PERSONAL NAME | |
| Personal name | Khandpur, Swarn. |
| 245 12 - TITLE STATEMENT | |
| Title | A vision of India : |
| Statement of responsibility, etc | written by Swarn Khandpur ; illustrated by Pradeep Sathe. |
| Remainder of title | the country |
| 260 ## - PUBLICATION, DISTRIBUTION, ETC. (IMPRINT) | |
| Place of publication, distribution, etc | Mumbai: |
| Name of publisher, distributor, etc | Navneet Publications (India), |
| Date of publication, distribution, etc | c1997 |
| 300 ## - PHYSICAL DESCRIPTION | |
| Extent | 48p. |
| Other physical details | col. ill. ; |
| Dimensions | 29 cm. |
| 490 ## - SERIES STATEMENT | |
| Series statement | A vision of India |
| -- | 53119 |
| 505 1# - FORMATTED CONTENTS NOTE | |
| Formatted contents note | bk. 1. The country -- bk. 2. Gujarat, Daman & Diu, Dadra & Nagar Haveli / visualiser & illustrator Prabhakar Wairkar |
| 700 1# - ADDED ENTRY--PERSONAL NAME | |
| Personal name | Sathe, Pradeep. |
| 9 (RLIN) | 39514 |
| 700 1# - ADDED ENTRY--PERSONAL NAME | |
| Personal name | Wairkar, Prabhakar. |
| 9 (RLIN) | 39515 |
| 942 ## - ADDED ENTRY ELEMENTS (KOHA) | |
| Source of classification or shelving scheme | Dewey Decimal Classification |
| Item type | English Books |
| Classification part | 954 |
| Call number suffix | KHA |
| Withdrawn status | Lost status | Not for loan | Collection code | Home library | Current library | Date acquired | Source of acquisition | Cost, normal purchase price | Full call number | Barcode | Copy number | Cost, replacement price | Koha item type |
|---|---|---|---|---|---|---|---|---|---|---|---|---|---|
| Non-fiction | Andrews Gunj | Andrews Gunj | 15/10/2012 | Blue Berry/IN8485/14.04.2012/43/20.03.2012/19.06.2012 | 100.00 | 954 KHA | B-480484 | 1 | 100.00 | Children Books | |||
| Non-fiction | Central Library | Central Library | 15/10/2012 | Blue Berry/IN8485/14.04.2012/43/20.03.2012/19.06.2012 | 100.00 | 954 KHA | B-480481 | 1 | 100.00 | Children Books | |||
| D.B.Act.Division | D.B.Act.Division | 13/09/2017 | 954 KHA | Children Books | |||||||||
| Non-fiction | Netaji Nagar | Netaji Nagar | 15/10/2012 | Blue Berry/IN8485/14.04.2012/43/20.03.2012/19.06.2012 | 100.00 | 954 KHA | B-480486 | 1 | 100.00 | Children Books | |||
| Non-fiction | R.K.Puram-8 | R.K.Puram-8 | 15/10/2012 | Blue Berry/IN8485/14.04.2012/43/20.03.2012/19.06.2012 | 100.00 | 954 KHA | B-480483 | 1 | 100.00 | Children Books | |||
| Non-fiction | Sarojini Nagar | Sarojini Nagar | 15/10/2012 | Blue Berry/IN8485/14.04.2012/43/20.03.2012/19.06.2012 | 100.00 | 954 KHA | B-480482 | 1 | 100.00 | Children Books | |||
| Non-fiction | Shahdara Branch | Shahdara Branch | 15/10/2012 | Blue Berry/IN8485/14.04.2012/43/20.03.2012/19.06.2012 | 100.00 | 954 KHA | B-480488 | 1 | 100.00 | Children Books | |||
| Non-fiction | Sriniwas Puri | Sriniwas Puri | 15/10/2012 | Blue Berry/IN8485/14.04.2012/43/20.03.2012/19.06.2012 | 100.00 | 954 KHA | B-480485 | 1 | 100.00 | Children Books | |||
| Non-fiction | Vinoba Puri | Vinoba Puri | 15/10/2012 | Blue Berry/IN8485/14.04.2012/43/20.03.2012/19.06.2012 | 100.00 | 954 KHA | B-480487 | 1 | 100.00 | Children Books |
